|
|
|
|
| LEADER |
01197nam a2200349 a 4500 |
| 001 |
36721 |
| 003 |
BD-DhAAL |
| 005 |
20191125102941.0 |
| 008 |
820827s1982 nyua b 001 0 eng |
| 999 |
|
|
|c 41900
|d 41900
|
| 010 |
|
|
|a 81014219
|
| 020 |
|
|
|a 0393952185
|
| 035 |
|
|
|a (CStRLIN)NYCX82B57672
|
| 035 |
|
|
|a (NIC)notisADS1413
|
| 035 |
|
|
|a (OCoLC)7811630
|
| 035 |
|
|
|a 859932
|
| 040 |
|
|
|d NIC
|d BD-DhAAL
|
| 050 |
0 |
|
|a HB172
|b .M36 1982
|
| 082 |
0 |
|
|a 338.5
|2 19
|
| 100 |
1 |
|
|a Mansfield, Edwin.
|9 37621
|
| 245 |
1 |
0 |
|a Microeconomics :
|b theory and applications /
|c Edwin Mansfield.
|
| 250 |
|
|
|a Forth edition
|
| 260 |
|
|
|a New York :
|b Norton,
|c c1982.
|
| 300 |
|
|
|a xxii, 583 pages :
|b illustrations ;
|c 24 cm.
|
| 504 |
|
|
|a Includes bibliographical references and index.
|
| 526 |
|
|
|a ESS
|
| 541 |
|
|
|a Complimentary copy from Professor Dr. Nasreen Khundker.
|e 36721
|
| 650 |
|
0 |
|a Microeconomics
|9 37622
|
| 650 |
|
7 |
|a Economics.
|9 37623
|
| 899 |
|
|
|a tsin20091130
|
| 942 |
|
|
|2 ddc
|c BK
|
| 952 |
|
|
|0 0
|1 0
|2 ddc
|4 0
|6 338_500000000000000_MAN
|7 0
|9 67284
|a BRACUL
|b BRACUL
|c GEN
|d 2019-11-25
|e Complimentary copy from Professor Dr. Nasreen Khundker.
|l 0
|o 338.5 MAN
|p 3010036721
|r 2019-11-25
|t 1
|w 2019-11-25
|y BK
|